Hacia un concepto de persona

محفوظ في:
التفاصيل البيبلوغرافية
المؤلف الرئيسي: Soto Badilla, José Alberto
التنسيق: كتاب
اللغة:Undetermined
منشور في: San José, Costa Rica Editorial Universidad de Costa Rica 1986
الطبعة:3
الموضوعات:
الوسوم: إضافة وسم
لا توجد وسوم, كن أول من يضع وسما على هذه التسجيلة!

MARC

LEADER 00000nam a2200000Ia 4500
008 170316s9999 xx 000 0 und d
090 |a 100 S-56h 
100 |a Soto Badilla, José Alberto 
245 |a Hacia un concepto de persona 
250 |a 3 
260 |a San José, Costa Rica 
260 |b Editorial Universidad de Costa Rica 
260 |c 1986 
300 |a 274 páginas 
650 |a FILOSOFÍA 
999 |c 17673  |d 17673 
040 |a cru BVZT 
942 |c 15 D  |h 100 S-56h  |2 z